|
|
|
|
| LEADER |
00908nam a22002057a 4500 |
| 008 |
130926b xxu||||| |||| 00| 0 eng d |
| 999 |
|
|
|c 3718
|d 3718
|
| 020 |
|
|
|a 9788126423217
|
| 082 |
|
|
|a 500
|b LAP/THA
|
| 100 |
|
|
|a ലാപിയര്, ഡൊമനിക്
|
| 240 |
|
|
|a Bhopalil Annu Sambhavichathu
|
| 245 |
|
|
|a ഭോപ്പാലില് അന്ന് സംഭവിച്ചത് /
|c ഡൊമനിക് ലാപിയര്, ജാവിയര് മോറോ
|
| 260 |
|
|
|a കോട്ടയം :
|b ഡി.സി. ബുക്സ്,
|c 2012.
|
| 300 |
|
|
|a 383p.
|
| 650 |
|
|
|a Study
|
| 700 |
|
|
|a Lapierre, Dominique
|
| 700 |
|
|
|a Moro, Javieer
|
| 700 |
|
|
|a Thampi, Sona
|e translator,
|
| 942 |
|
|
|2 ddc
|c BK
|
| 952 |
|
|
|0 0
|1 0
|2 ddc
|4 0
|6 363_179100000000000_LAP_THA
|7 0
|9 4417
|a MAIN
|b MAIN
|d 2013-09-26
|e D.C. Books, Kottayam
|g 195.00
|l 4
|o 363.1791 LAP/THA
|p 3798
|r 2016-06-23
|s 2016-06-22
|w 2013-09-26
|y BK
|